BIBLIOTECA PODER JUDICIAL
Portal Judicial TDF

Ley de Bases y capítulo laboral : (Registro nro. 5404)

000 -LEADER
fixed length control field 02338nab a22003137a 4500
003 - CONTROL NUMBER IDENTIFIER
control field OSt
005 - DATE AND TIME OF LATEST TRANSACTION
control field 20250311133436.0
008 - FIXED-LENGTH DATA ELEMENTS--GENERAL INFORMATION
fixed length control field 190604e xxu||||| |||| 00| 0 spa d
040 ## - CATALOGING SOURCE
Transcribing agency PJ
100 ## - MAIN ENTRY--PERSONAL NAME
9 (RLIN) 6346
Personal name Moltrassio, Sebastián
245 10 - TITLE STATEMENT
Title Ley de Bases y capítulo laboral :
Remainder of title otra reforma regresiva. Alternativas al empleo sin registrar /
Statement of responsibility, etc Sebastián Moltrassio.
260 ## - PUBLICATION, DISTRIBUTION, ETC. (IMPRINT)
Place of publication, distribution, etc Ciudad Autónoma de Buenos Aires :
Name of publisher, distributor, etc Thomson Reuters La Ley,
Date of publication, distribution, etc 2024.
300 ## - PHYSICAL DESCRIPTION
Extent p. 37-74
500 ## - GENERAL NOTE
General note Cita Online: TR LALEY AR/DOC/1951/2024.
505 ## - FORMATTED CONTENTS NOTE
Formatted contents note Sumario: I. Introducción. El gobierno actual va en sentido contrario al mundo.— II. Análisis del contexto laboral argentino.— III. Texto de la ley 27.742. Capítulo laboral. Principales modificaciones.— IV. Opiniones y críticas a la ley en el capítulo laboral.— V. Breve historia constitucional. El Constitucionalismo social.— VI. Normas constitucionales, de derechos humanos de rango constitucional nacional y provincial y normas de OIT. Colisión con la reforma laboral.— VII. La progresividad de las leyes en la Constitución Nacional.— VIII. El principio de progresividad en los tratados internacionales de Derechos Humanos con rango constitucional.— IX. Convenios de OIT.— X. El principio de progresividad según la Corte Suprema de Justicia.— XI. Violación al principio de progresividad de las leyes.— XII. Análisis de los artículos con la LCT, DNU 70/2023 y ley 27.742.— XIII. Fondo de cese laboral.— XIV. La incorporación del Trabajador Independiente.— XV. La eliminación de las multas por empleo sin registrar.— XVI. Conclusiones.
505 ## - FORMATTED CONTENTS NOTE
Title ¿Te interesa el texto completo? Solicitalo al correo: koha@justierradelfuego.gov.ar<br/>
650 #0 - SUBJECT ADDED ENTRY--TOPICAL TERM
9 (RLIN) 1323
Topical term or geographic name as entry element CONTRATO DE TRABAJO
650 #0 - SUBJECT ADDED ENTRY--TOPICAL TERM
9 (RLIN) 1803
Topical term or geographic name as entry element RELACIONES LABORALES
650 #0 - SUBJECT ADDED ENTRY--TOPICAL TERM
9 (RLIN) 4428
Topical term or geographic name as entry element RELACIÓN DE DEPENDENCIA
650 #0 - SUBJECT ADDED ENTRY--TOPICAL TERM
9 (RLIN) 766
Topical term or geographic name as entry element CONSTITUCION NACIONAL
650 #0 - SUBJECT ADDED ENTRY--TOPICAL TERM
9 (RLIN) 1382
Topical term or geographic name as entry element INDEMNIZACION
650 #0 - SUBJECT ADDED ENTRY--TOPICAL TERM
9 (RLIN) 1497
Topical term or geographic name as entry element CODIGO CIVIL Y COMERCIAL
650 #0 - SUBJECT ADDED ENTRY--TOPICAL TERM
9 (RLIN) 4429
Topical term or geographic name as entry element EMPLEO NO REGISTRADO
650 #0 - SUBJECT ADDED ENTRY--TOPICAL TERM
9 (RLIN) 4925
Topical term or geographic name as entry element ORGANIZACION INTERNACIONAL DEL TRABAJO
650 #0 - SUBJECT ADDED ENTRY--TOPICAL TERM
9 (RLIN) 1576
Topical term or geographic name as entry element DISCRIMINACION
650 #0 - SUBJECT ADDED ENTRY--TOPICAL TERM
9 (RLIN) 234
Topical term or geographic name as entry element DERECHO COMPARADO
773 0# - HOST ITEM ENTRY
Host Biblionumber 2714
Host Itemnumber 3171
Place, publisher, and date of publication Ciudad Autónoma de Buenos Aires : Thomson Reuters La Ley, 2014-
Title Revista anales de legislación argentina. Nº 8 - Agosto 2024.
942 ## - ADDED ENTRY ELEMENTS (KOHA)
Source of classification or shelving scheme
Koha item type Analítica Artículo de Revista

No hay ítems disponibles.

12 de Octubre 789 Ushuaia - Tel:  54(02901)441571
Horario de Atención: 8.00 a 17.00 hs. 
bibliotecaush@justierradelfuego.gov.ar
koha@justierradelfuego.gov.ar
Seguinos en nuestras redes @bibliojustdf 

Con tecnología Koha